Największe Miasta w Polsce bez Klubu na Szczeblu Centralnym - Statystyki

Ogólne statystyki
  • Ten quiz został rozwiązany 56 razy
  • Średni wynik to 9 z 15
Statystyki odpowiedzi
Ludność Miasto % Poprawnych
344 tys Bydgoszcz
96%
199 tys Toruń
92%
141 tys Zielona Góra
79%
171 tys Olsztyn
73%
123 tys Gorzów Wielkopolski
71%
107 tys Tarnów
65%
106 tys Koszalin
60%
110 tys Wałbrzych
56%
136 tys Ruda Śląska
54%
137 tys Rybnik
52%
118 tys Dąbrowa Górnicza
50%
90 tys Jaworzno
50%
109 tys Włocławek
46%
84 tys Nowy Sącz
42%
90 tys Słupsk
40%
Nie znaleziono quizów pasujących do podanych kryteriów
Rozkład punktacji
Procent ludzi z każdym wynikiem
Percentyl według liczby udzielonych odpowiedzi
Twoja historia wyników
Nie rozwiązałeś tego quizu